000 00885cab a22002055a 4500
001 L148969
008 091208e20091205xxkd f s 000 0 eng d
035 _a(Sirsi) u148969
041 0 _aeng
100 1 _aPhillips, Mike
245 0 4 _aThe tipping point
260 _c2009
490 _aEstates Gazette
_v(0948) 5 December 2009, 62-65(4)
520 _aDe Montfort University's "UK commercial property lending market 2009" reports outstanding debt to real estate fell from £225.bn at the end of 2008 to £224.1bn at the end of June 2009. Key findings include total net debt, new lending, loan breaches, refinancing v new loans, lending margins and loan to value ratios.
590 _aKA
650 2 4 _aDE MONTFORT UNIVERSITY UK COMMERICAL PROPERTY LENDING MARKET
651 4 _aUnited Kingdom
_y
690 _aPROPERTY-COMMERCIAL PROPERTY-COMMERCIAL PROPERTY MARKET
942 _n0
999 _c82013
_d82013